[Event "Morshyn All Ukranian 1st"]
[Site "Morshyn"]
[Date "2023.07.08"]
[Round "1"]
[White "Sakun, Volodymyr"]
[Black "Tymkiv, Vasyl"]
[Result "1-0"]
[WhiteElo "2370"]
[BlackElo "1614"]
[PlyCount "73"]
[EventDate "2023.07.08"]
[EventType "swiss (rapid)"]
[EventRounds "9"]
[EventCountry "UKR"]
[SourceTitle "CBM 215 Extra"]
[Source "ChessBase"]
[SourceDate "2023.09.30"]
[SourceVersion "1"]
[SourceVersionDate "2023.09.30"]
[SourceQuality "1"]

1. e4 e5 2. d4 Nc6 3. dxe5 Nxe5 4. Nc3 Nf6 5. f4 Ng6 6. e5 Ng8 7. Nf3 Bc5 8. Bc4 d6 9. Ne4 N8e7 10. Nxc5 dxc5 11. Qxd8+ Kxd8 12. Bxf7 Bf5 13. c3 Rf8 14. Bc4 c6 15. Be3 b5 16. Be2 Nd5 17. Bxc5 Re8 18. g3 Kc7 19. Kf2 a5 20. Rad1 b4 21. c4 Nb6 22. Nd4 Na4 23. Bd6+ Kb7 24. Nxf5 Nxb2 25. Rb1 Na4 26. Rhc1 Nb6 27. Bf3 Nf8 28. Ne7 Rxe7 29. Bxe7 Ne6 30. a3 Re8 31. axb4 a4 32. Bd6 Nd4 33. Be4 g5 34. b5 gxf4 35. bxc6+ Nxc6 36. c5 fxg3+ 37. hxg3 1-0

[Event "Lutsk Nebesna Sotnya Memorial blitz"]
[Site "Lutsk"]
[Date "2017.02.17"]
[Round "1"]
[White "Kislinsky, Alexey"]
[Black "Tymkiv, Vasyl"]
[Result "1-0"]
[WhiteElo "2475"]
[BlackElo "1740"]
[PlyCount "51"]
[EventDate "2017.02.17"]
[EventType "swiss (blitz)"]
[EventRounds "15"]
[EventCountry "UKR"]
[SourceTitle "CBM 176 Extra"]
[Source "ChessBase"]
[SourceDate "2017.03.02"]
[SourceVersion "1"]
[SourceVersionDate "2017.03.02"]
[SourceQuality "1"]

1. e4 e5 2. Nf3 f5 3. Nxe5 Nc6 4. d4 Nxe5 5. dxe5 Qe7 6. Nc3 Qxe5 7. f4 Qe6 8. e5 d6 9. Nd5 Kd8 10. Bc4 dxe5 11. Nxc7+ Qd7 12. Qxd7+ Bxd7 13. Nxa8 e4 14. Be3 Bc6 15. 0-0-0+ Kc8 16. Bxa7 b5 17. Bxg8 Rxg8 18. Nb6+ Kb7 19. Nd7 Kxa7 20. Nxf8 Rxf8 21. Rhe1 h6 22. Rd6 Kb7 23. Rg6 Rf7 24. Re3 Be8 25. Reg3 b4 26. Rxg7 1-0